000 00697nam a22002177a 4500
003 koha_MIRAKIL
005 20250502125650.0
008 250502b tur||||| |||| 00| 0 tur d
020 _a9786052985694
040 _aTR-IsEVY
_btur
_cTR-IsEVY
082 _a92ATA BAH/A
100 _aBahar, Burcu
245 0 _aAtatürk ve sihirli gözlük /
_cBurcu Bahar ; resimleyen Oğuz Demir.
250 _a9. bs.
260 _aİstanbul :
_bKırmızı Kedi Yayınevi ,
_c2024.
300 _a76 s. :
_brenkli resimli ;
_c19 cm.
600 1 4 _aMustafa Kemal Atatürk.
650 _aAtatürk Kitapları.
_vÇocuk Edebiyatı.
_vÇocuk Hikayeleri.
700 1 _aDemir, Oğuz.
_cresimleyen.
942 _2ddc
_cBK
999 _c22069
_d22069